000 00557nam a2200157Ia 4500
008 151213s9999 xx 000 0 und d
100 _aআবু তাহের মজুমদার।
245 _aমূর্ছিত দর্পণে।
_cআবু তাহের মজুমদার।
250 _a১ম সং
260 _aঢাকা
_bপুনম প্রকাশনী
_c1992
300 _a4295 p.
650 _aBangla
650 _aগল্প।
700 _aআবু তাহের মজুমদার।
999 _c2709
_d2709